[Event "Muensterland Regionalliga 1819"]
[Site "Germany"]
[Date "2019.03.23"]
[Round "8.5"]
[White "Burike, Christian"]
[Black "Schulz, Joachim"]
[Result "0-1"]
[WhiteElo "1677"]
[BlackElo "1877"]
[PlyCount "64"]
[EventDate "2018.09.08"]
[EventType "team-tourn"]
[EventRounds "9"]
[EventCountry "GER"]
[SourceTitle "EXT 2020"]
[Source "ChessBase"]
[SourceDate "2019.10.17"]
[SourceVersion "1"]
[SourceVersionDate "2019.10.17"]
[SourceQuality "1"]
[WhiteTeam "Bocholt"]
[BlackTeam "Steinfurt"]
[WhiteTeamCountry "GER"]
[BlackTeamCountry "GER"]

1. d4 Nf6 2. Nf3 g6 3. e3 Bg7 4. c3 0-0 5. Nbd2 d6 6. Be2 Nc6 7. 0-0 e5 8. dxe5 dxe5 9. Qc2 Qe7 10. b3 Bf5 11. e4 Bg4 12. a4 Rfd8 13. Ba3 Qe8 14. h3 Be6 15. Nc4 Nh5 16. Rfd1 Nf4 17. Bf1 h6 18. Rac1 a6 19. Ne3 Rxd1 20. Rxd1 Rd8 21. b4 Rxd1 22. Qxd1 Qe7 23. Bc1 f6 24. a5 Bf8 25. Qd2 Qd6 26. Qc2 Ne7 27. Nd2 c5 28. b5 axb5 29. Bxb5 Nc6 30. Nb3 Be7 31. Ba3 Qc7 32. Nc4 Na7 0-1

[Event "Steinfurt Bezirksliga 1516"]
[Site "Germany"]
[Date "2016.04.30"]
[Round "8.3"]
[White "Rengers, Rainer"]
[Black "Schulz, Joachim"]
[Result "1-0"]
[WhiteElo "1673"]
[BlackElo "1942"]
[PlyCount "101"]
[EventDate "2015.09.19"]
[EventType "team-tourn"]
[EventRounds "9"]
[EventCountry "GER"]
[SourceTitle "EXT 2017"]
[Source "ChessBase"]
[SourceDate "2016.10.25"]
[SourceVersion "1"]
[SourceVersionDate "2016.10.25"]
[SourceQuality "1"]
[WhiteTeam "Neuenkirchen II"]
[BlackTeam "Steinfurt II"]
[WhiteTeamCountry "GER"]
[BlackTeamCountry "GER"]

1. d4 c5 2. Nf3 cxd4 3. Nxd4 Nc6 4. e4 Nf6 5. Nc3 e5 6. Nf5 d5 7. exd5 Bxf5 8. dxc6 Qxd1+ 9. Nxd1 bxc6 10. Ne3 Bg6 11. Ba6 Rb8 12. Nc4 Nd7 13. f4 Nc5 14. Nxe5 Nxa6 15. Nxc6 Rc8 16. Nd4 Bxc2 17. Be3 Bb4+ 18. Kf2 Be4 19. a3 Ba5 20. b4 Bb6 21. Rhc1 0-0 22. Nb5 Rfd8 23. Bxb6 axb6 24. Nd6 Rxc1 25. Rxc1 Bd5 26. Nc8 Bb7 27. Nxb6 Rd2+ 28. Ke3 Rd6 29. Nc8 Re6+ 30. Kf2 f5 31. b5 Nb8 32. Rc7 Be4 33. b6 Na6 34. b7 Kf8 35. Rd7 Bc6 36. Rc7 Nb8 37. Nb6 Re7 38. Rc8+ Re8 39. Rc7 Be4 40. a4 Na6 41. Nd7+ Kg8 42. Rc8 Kf7 43. Rxe8 Kxe8 44. b8Q+ Nxb8 45. Nxb8 Kd8 46. Na6 Bc6 47. Nc5 Ke7 48. a5 Kd6 49. Nd3 Kc7 50. g3 Kb8 51. Ke3 1-0

[Event "Steinfurt Bezirksklasse 1415"]
[Site "Germany"]
[Date "2014.12.13"]
[Round "4.6"]
[White "Schulz, Joachim"]
[Black "Kuehl, Laszlo"]
[Result "1-0"]
[WhiteElo "1939"]
[BlackElo "899"]
[PlyCount "53"]
[EventDate "2014.09.20"]
[EventType "team-tourn"]
[EventRounds "9"]
[EventCountry "GER"]
[SourceTitle "EXT 2016"]
[Source "ChessBase"]
[SourceDate "2015.10.08"]
[SourceVersion "1"]
[SourceVersionDate "2015.10.08"]
[SourceQuality "1"]
[WhiteTeam "Steinfurt IV"]
[BlackTeam "Westerkappeln"]
[WhiteTeamCountry "GER"]
[BlackTeamCountry "GER"]

1. d4 d5 2. Nf3 Bf5 3. c4 Nf6 4. Nc3 e6 5. Bg5 Bb4 6. Qa4+ Nc6 7. Ne5 Bxc3+ 8. bxc3 Ne4 9. Bxd8 Rxd8 10. Nxc6 bxc6 11. Qxc6+ Rd7 12. e3 Nf6 13. cxd5 Nxd5 14. Bb5 Nb6 15. e4 Bg6 16. 0-0 0-0 17. Rfe1 Rd6 18. Qxc7 Nc8 19. f4 Rb6 20. Bd7 Ne7 21. f5 exf5 22. exf5 Bh5 23. Rxe7 f6 24. Be6+ Rxe6 25. Rxg7+ Kh8 26. Rxh7+ Kg8 27. Qg7# 1-0

[Event "Muensterland Verbandsliga 0506"]
[Site "Germany"]
[Date "2005.10.22"]
[Round "3.8"]
[White "Schulz, Joachim"]
[Black "Dieckmann, Werner"]
[Result "1-0"]
[WhiteElo "1897"]
[BlackElo "1868"]
[PlyCount "69"]
[EventDate "2005.08.27"]
[EventType "team"]
[EventRounds "9"]
[EventCountry "GER"]
[SourceTitle "EXT 2006"]
[Source "ChessBase"]
[SourceDate "2005.11.24"]
[SourceVersion "1"]
[SourceVersionDate "2005.11.24"]
[SourceQuality "1"]
[WhiteTeam "Neuenkirchen"]
[BlackTeam "Telgte"]
[WhiteTeamCountry "GER"]
[BlackTeamCountry "GER"]

1. e4 e5 2. Nf3 Nc6 3. Bb5 a6 4. Ba4 b5 5. Bb3 Be7 6. 0-0 d6 7. c3 Nf6 8. Re1 0-0 9. h3 Na5 10. Bc2 c5 11. d4 cxd4 12. cxd4 Nc6 13. Nc3 Qc7 14. Be3 exd4 15. Nxd4 Nxd4 16. Bxd4 Be6 17. Rc1 Rfe8 18. Bb1 Qd8 19. a3 Rc8 20. Qf3 Nd7 21. Nd5 Rxc1 22. Rxc1 Ne5 23. Qg3 Bh4 24. Qc3 Bxd5 25. exd5 Bg5 26. Rf1 Bf6 27. Bf5 g6 28. Bb1 Nd7 29. Bxf6 Nxf6 30. Qd4 Re5 31. Ba2 Nd7 32. Rc1 Qe8 33. Rc6 Re1+ 34. Kh2 Re4 35. Qc3 1-0